| 000 | 00000nam 2200000zi 4500 |
| 001 | 9.887668 |
| 003 | CaOODSP |
| 005 | 20250822140415 |
| 006 | m o d f |
| 007 | cr cn||||||||| |
| 008 | 200522t20202020quc o f000 0 fre d |
| 020 | |a9780660350110 |
| 040 | |aCaOODSP|bfre|erda|cCaOODSP |
| 043 | |an-cn--- |
| 086 | 1 |aTT4-50/8-2020F-PDF |
| 245 | 00|aGuides sur les transports accessibles : |bformation du personnel en matière d’aide aux voyageurs handicapés. |
| 264 | 1|a[Gatineau, Québec] : |bOffice des transports du Canada = Canadian Transportation Agency, |c2020. |
| 264 | 4|c©2020 |
| 300 | |a1 ressource en ligne (24 pages) |
| 336 | |atexte|btxt|2rdacontent/fre |
| 337 | |ainformatique|bc|2rdamedia/fre |
| 338 | |aressource en ligne|bcr|2rdacarrier/fre |
| 500 | |aPublié aussi en anglais sous le titre : Accessible transportation: personnel training for the assistance of travelers with disabilities: a guide. |
| 500 | |aPublié aussi en format HTML. |
| 520 | |a« Le présent guide explique les obligations des fournisseurs de services de transport prévues dans le Règlement sur les transports accessibles aux personnes handicapées (RTAPH), concernant l’élaboration et la mise en Ĺ“uvre de programmes de formation à l’égard des personnes handicapées »--page 3. |
| 650 | 6|aPersonnes handicapées|xTransport|zCanada. |
| 650 | 6|aPersonnes handicapées|xServices|zCanada. |
| 650 | 6|aTravailleurs des transports|xFormation|zCanada. |
| 710 | 2 |aOffice des transports du Canada, |eorganisme de publication. |
| 775 | 08|tAccessible transportation : |w(CaOODSP)9.887667 |
| 794 | |tGuide sur la formation du personnel en matière d’aide aux voyageurs handicapés.|w(CaOODSP)9.930527 |
| 856 | 40|qPDF|s558 Ko|uhttps://publications.gc.ca/collections/collection_2021/otc-cta/TT4-50-8-2020-fra.pdf |
| 856 | 4 |qHTML|sS.O.|uhttps://otc-cta.gc.ca/fra/formation-a-lintention-des-fournisseurs-services-transport-sur-maniere-daider-personnes-handicapees |